| 000 | 00544nam a22001937a 4500 | ||
|---|---|---|---|
| 003 | KOHA_MİRAKIL | ||
| 005 | 20251116174850.0 | ||
| 008 | 251116b tu ||||| |||| 00| 0 tur d | ||
| 020 | _a9786058312081 | ||
| 040 |
_aTR-AnABB _btur _cTR-AnABB |
||
| 041 | _atur | ||
| 082 |
_a813.42 _bPEH 2018 |
||
| 100 | 1 | _aPehlivanoğlu, Ayşe Işık, | |
| 245 | 1 | 0 | _aÖlmeye giderken rahman aynaya baktı / |
| 260 |
_aAnkara : _bAtayurt Yayınevi, _c2018 |
||
| 300 |
_a293 sayfa ; _c21 cm |
||
| 650 | 0 | 4 | _aTürk edebiyatı, roman |
| 942 |
_2ddc _cBK |
||
| 999 |
_c9472 _d9472 |
||
| 900 | _bGizem YORULMAZ | ||